000 01341cam a2200337 a 4500
001 EDZ0000064177
003 StDuBDS
005 20161031105219.0
006 m||||||||d||||||||
007 cr |||||||||||
008 120327s2001 enk fo| 000|0|eng|d
020 _a9781446217061 (ebook) :
_cNo price
040 _aStDuBDS
_beng
_cStDuBDS
_epn
049 _aAlfaisal Main Library
050 0 _aHM447
_b.W34 2001
082 0 4 _a301.01
_223
100 1 _aWagner, Peter,
_d1956 September 18-
245 1 0 _aTheorising modernity
_h[electronic resource] :
_binescapability and attainability in social theory /
_cPeter Wagner.
260 _aLondon :
_bSAGE,
_cc2001.
300 _a1 online resource (150 p.)
520 8 _a'Theorising Modernity' argues that sociology has not lost its ability to provide critical diagnoses of the present human condition because it has stopped considering the philosophical requirements of social enquiry.
521 _aSpecialized.
588 _aDescription based on print version record.
650 0 _aSociology
_xPhilosophy.
650 0 _aCivilization, Modern.
655 7 _aElectronic books.
_2local
710 2 _aSage eBooks
776 0 8 _iPrint version :
_z9780761951476
856 4 0 _uhttp://ezproxy.alfaisal.edu/login?url=http://sk.sagepub.com/books/theorizing-modernity
942 _2lcc
_cEBOOKS
999 _c481831
_d481831